MARC

Tag First Indicator Second Indicator Subfields
LEADER 00000cam a22000004a 4500
001 in00003402690
005 20190405202637.0
006 m d
007 cr |||||||nn|n
008 120309s2012 gau o d eng d
010 |z  2012009963 
020 |a 9780820344751 
020 |a 0820344753 
020 |z 9780820343891 (hbk. : alk. paper) 
020 |z 0820343897 (hbk. : alk. paper) 
020 |z 9780820343907 (pbk. : alk. paper) 
020 |z 0820343900 (pbk. : alk. paper) 
035 |a (MdBmJHUP)muse9780820344751 
040 |a MdBmJHUP  |c MdBmJHUP  |d UtOrBLW 
043 |a n-us--- 
050 0 0 |a HF5472.U6  |b A45 2012 
082 0 0 |a 381/.41  |2 23 
100 1 |a Alkon, Alison Hope. 
245 1 0 |a Black, white, and green :  |b farmers markets, race, and the green economy /  |c Alison Hope Alkon. 
264 1 |a Athens :  |b University of Georgia Press,  |c [2012] 
264 4 |c ©2012 
300 |a 1 online resource (224 pages) 
336 |a text  |b txt  |2 rdacontent 
337 |a computer  |b c  |2 rdamedia 
338 |a online resource  |b cr  |2 rdacarrier 
490 1 |a Geographies of justice and social transformation ;  |v 13 
504 |a Includes bibliographical references and index. 
505 0 |a Going green, growing green -- Understanding the green economy -- The taste of place -- Creating just sustainability -- Who participates in the green economy? -- Greening growth -- Farmers markets, race, and the green economy -- Epilogue. Reading, writing, relationship. 
588 |a Description based on print version record. 
500 |a Electronic resource. 
650 0 |a Social justice  |z United States. 
650 0 |a Minorities  |z United States  |x Economic conditions. 
650 0 |a Community development  |z United States. 
650 0 |a Food supply  |x Social aspects  |z United States. 
650 0 |a African American farmers. 
650 0 |a Alternative agriculture  |x Social aspects  |z United States. 
650 0 |a Sustainable agriculture  |x Social aspects  |z United States. 
650 0 |a Farmers' markets  |x Social aspects  |z United States. 
655 7 |a Electronic books.  |2 local 
856 4 0 |u http://proxy.library.tamu.edu/login?url=http://muse.jhu.edu/books/9780820344751/  |z Connect to the full text of this electronic book  |t 0 
830 0 |a Geographies of justice and social transformation ;  |v 13. 
999 |a MARS 
999 f f |s 298b9d4f-8f8f-3ccf-ad9b-23496f298540  |i 42a8de3f-f0e6-3b42-8118-e2a655c55036  |t 0 
952 f f |a Texas A&M University  |b College Station  |c Electronic Resources  |d Available Online  |t 0  |e HF5472.U6 A45 2012  |h Library of Congress classification 
998 f f |a HF5472.U6 A45 2012  |t 0  |l Available Online